|
|
|
|
| LEADER |
00000nab a2200000 a 4500 |
| 001 |
vtls000805650 |
| 003 |
SK-MaSNL |
| 005 |
20260304125735.0 |
| 008 |
250429c2002 xo 0 slo |
| 015 |
|
|
|a SNBRB2002/10-30099
|
| 035 |
|
|
|a CLN000157305
|
| 035 |
|
|
|a urn:nbn:sk:snk-ab6wjt
|
| 035 |
|
|
|a (uuid)cb6f3da7-cbbd-496d-802f-21a3b74feedb
|
| 035 |
|
|
|a (urnnbn)urn:nbn:sk:snk:ar-a062wq
|
| 035 |
|
|
|a (sysno)vtls000805650
|
| 040 |
|
|
|a SNKBUCL
|b slo
|c SNKBUCL
|e AACR2
|
| 041 |
0 |
|
|a slo
|
| 044 |
|
|
|a xo
|c SK
|
| 080 |
|
|
|a 618.13-009.7:061.3
|2 1997
|
| 100 |
1 |
|
|a Toman, Jozef
|c (gynekológ)
|4 aut
|9 1133197
|
| 245 |
1 |
0 |
|a Správa zo VII. sympózia neštátnych gynekológov Slovenska
|c Jozef Toman
|
| 650 |
0 |
7 |
|a kongresy
|2 snkbucl
|9 19200
|
| 650 |
0 |
7 |
|a bolesť panvy
|2 snkbucl
|9 19131
|
| 650 |
0 |
7 |
|a nádory ženských pohlavných orgánov
|x klasifikácia
|x diagnóza
|x etiológia
|2 snkbucl
|9 1439105
|
| 650 |
0 |
7 |
|a tehotenstvo mimomaternicové
|x diagnóza
|x etiológia
|x terapia
|2 snkbucl
|9 1439106
|
| 650 |
0 |
7 |
|a laparoskopia
|x využitie
|2 snkbucl
|9 852255
|
| 650 |
0 |
7 |
|a cystitída intersticiálna
|x diagnóza
|x imunológia
|2 snkbucl
|9 1439107
|
| 655 |
|
7 |
|a články z novín a časopisov
|2 snkbucl
|9 267496
|
| 773 |
0 |
|
|t Slovenská gynekológia a pôrodníctvo
|g Roč. 9, č. 1 (2002), s. 46-47
|x 1335-0862
|
| 850 |
|
|
|a Slovenská národná knižnica
|
| 852 |
|
|
|a Slovenská národná knižnica
|
| 954 |
|
|
|a odborná, vedecká literatúra pôvodná (slovenská)
|2 lita
|
| 958 |
|
|
|a article27
|
| 958 |
|
|
|a MI
|
| 958 |
|
|
|a OND
|
| 958 |
|
|
|a EUIPO
|
| 999 |
|
|
|c 2894607
|d 2896537
|